Sobre la competencia fiscal internacional. (Registro nro. 198839)
[ vista simple ]
| 000 -CABECERA | |
|---|---|
| campo de control de longitud fija | 00698naa a22001937a 4500 |
| 001 - NÚMERO DE CONTROL | |
| campo de control | 198839 |
| 003 - IDENTIFICADOR DEL NÚMERO DE CONTROL | |
| campo de control | ES-MaBCM |
| 005 - FECHA Y HORA DE LA ÚLTIMA TRANSACCIÓN | |
| campo de control | 20230225094229.0 |
| 008 - CÓDIGOS DE INFORMACIÓN DE LONGITUD FIJA | |
| campo de control de longitud fija | 150521b sp ||||| |||| 00| 0 spa d |
| 021 ## - | |
| -- | xx |
| 035 ## - NÚMERO DE CONTROL DEL SISTEMA | |
| Número de control de sistema | (OCoLC)1365219711 |
| 040 ## - FUENTE DE LA CATALOGACIÓN | |
| Centro transcriptor | ES-MaBCM |
| 100 1# - PUNTO DE ACCESO PRINCIPAL - NOMBRE DE PERSONA | |
| 9 (RLIN) | 27433 |
| Nombre de persona | López Rodríguez, Juan |
| 245 10 - MENCIÓN DE TÍTULO | |
| Título | Sobre la competencia fiscal internacional. |
| Resto del título | Especial consideración del impuesto sobre sociedades |
| Mención de responsabilidad etc. | Juan López Rodríguez |
| 504 ## - NOTA DE BIBLIOGRAFÍA, ETC. | |
| Nota de bibliografía etc. | Incluye referencias bibliográficas |
| 650 27 - PUNTO DE ACCESO ADICIONAL DE MATERIA--TÉRMINO DE MATERIA | |
| Término de materia o nombre geográfico como elemento inicial | Impuesto sobre sociedades |
| 9 (RLIN) | 58940 |
| 773 0# - ENLACE AL DOCUMENTO FUENTE | |
| Lugar editor y fecha de publicación | Cizur Menor (Navarra) |
| Parte(s) relacionada(s) | p.337-353 |
| Título | Competencia fiscal y sistema tributario: dimensión europea e interna |
| Número de control del registro relacionado | 57867 |
| 942 ## - ELEMENTOS DE PUNTO DE ACCESO ADICIONAL (KOHA) | |
| Fuente del sistema de clasificación o colocación | Universal Decimal Classification |
| Tipo de ítem Koha | Capítulos de monografías |
| Estado de retiro | Estado de pérdida | Fuente del sistema de clasificación o colocación | Estado dañado | No para préstamo | Localización permanente | Ubicación/localización actual | Ubicación en estantería | Fecha de adquisición | Fuente de adquisición | Signatura topográfica completa | Fecha visto por última vez | Precio válido a partir de | Tipo de ítem Koha |
|---|---|---|---|---|---|---|---|---|---|---|---|---|---|
| Universal Decimal Classification | Biblioteca Central del Ministerio de la Presidencia | Biblioteca Central del Ministerio de la Presidencia | Sala | 21/05/2015 | Compra | 57867 | 21/05/2015 | 21/05/2015 | Capítulos de monografías |
